Statistics for Movie quotes

Click here to take the quiz!

General Stats

  • This quiz has been taken 37 times
  • The average score is 4 of 11

Answer Stats

HintAnswer% Correct
Here's Johnny!The Shining
83%
that's not a knife, that's a knifeCrocodile Dundee
67%
RosebudCitizen Kane
58%
Soylent Green is people!Soylent Green
54%
do not go in there!Ace Ventura Pet Detective
29%
Remember, remember the fifth of NovemberV For Vendetta
29%
again we see there is nothing you can posses which I cannot take awayRaiders of the Lost Ark
25%
strange things are afoot at the circle kBill and Ted's Excellent Adventure
17%
I'm gonna rip the eyes out of your head and piss into your dead skull!A few good men
13%
I am Gandalf and Gandalf means, meThe Hobbit an Unexpected Journey
13%
this is war Peacock!Clue
8%

Score Distribution

Percentile by Number Answered

Percent of People with Each Score

Your Score History

You have not taken this quiz